Logo BPK

Biblioteka

Politechniki Koszalińskiej

Fizika i technika silnych magnitnych polej : (Rekord nr 15499)

Szczegóły MARC
000 -ETYKIETA REKORDU
podpole kontrolne o stałej długości 00473nam a2200169 i 4500
001 - NUMER KONTROLNY REKORDU
pole kontrolne bg
040 ## - ŹRÓDŁO KATALOGOWANIA
Instytucja, która utworzyła rekord BPK
041 ## - KOD JĘZYKA
Kod języka tekstu pol
008 - POLE O STAŁEJ DŁUGOŚCI - DANE KONTROLNE
podpole kontrolne o stałej długości s pl f |000 0 pol
100 1# - NAZWA OSOBOWA
Nazwa osobowa SMIRNOV, S. A.
245 #0 - TYTUŁ/ODPOWIEDZIALNOŚĆ
Tytuł Fizika i technika silnych magnitnych polej :
Ciąg dalszy tytułu Sbornik referatow 1873-1968 /
Pozostałe elementy strefy tytułu i oznaczenia odpowiedzialności S.A. Smirnov, A.V. Georgivskij, V.M. Justina.
250 ## - STREFA WYDANIA
Oznaczenie wydania Wyd.2.
260 ## - STREFA ADRESU WYDAWNICZEGO
Miejsce wydania Moskwa,
Data publikacji, dystrybucji/powstania dokumentu 1970.
700 1# - HASŁO DODATKOWE - NAZWA OSOBOWA
Nazwa osobowa GEORGIEVSKIJ, A. V.
700 1# - HASŁO DODATKOWE - NAZWA OSOBOWA
Nazwa osobowa JUSTINA, V. M.
856 ## - LOKALIZACJA I DOSTĘP DO ELEKTRONICZNYCH DOKUMENTÓW ZDALNYCH
Link (URL) http://koha.tu.koszalin.pl/cgi-bin/koha/opac-detail.pl?biblionumber=15499
Tekst linku Katalog online BPK
942 ## - DODATKOWE ELEMENTY (KOHA)
Typ dokumentu Książka
Egzemplarze
Wycofany Status egzemplarza Uszkodzony Dostępność Lokalizacja stała Lokalizacja bieżąca Miejsce przechowywania Sygnatura Kod kreskowy Typ dokumentu
      Dostępny Biblioteka Politechniki Koszalińskiej Biblioteka Politechniki Koszalińskiej Wypożyczalnia BG 16180 01734522 Książka
© 2023 Biblioteka Politechniki Koszalińskiej :: KOHA